Pokémons par réseaux de lettres (gen 3) - Statistiques

Statistiques générales
  • Ce quiz a été pris 24 fois
  • Le résultat moyen est 13 sur 16
Statistiques - réponses
Par images Réponse % Correct
Chuchmur
96%
Gobou
96%
Lilia
96%
Zigzaton
96%
Brouhabam
91%
Hariyama
91%
Kirlia
91%
Posipi
91%
Oniglali
87%
Hélédelle
83%
Avaltout
78%
Rayquaza
78%
Ludicolo
74%
Cacnea
70%
Barbicha
65%
Altaria
61%
Aucun quiz correspondant
Distribution des résultats
% des personnes avec chaque résultat
Percentile par nombre de réponses
Votre historique - résultats
Vous n’avez pas pris ce quiz